000
00281nam a22001097a 4500
008
230704b xxu||||| |||| 00| 0 eng d
082
_a
362.1
_b
FAC 2002
245
_a
Facts for Life
260
_a
New York
_b
United Nations Chidren's Fund
_c
2002
300
_a
XVII,153p
942
_2
ddc
_c
BK
999
_c
3751
_d
3751